| 000 | 00846nam a2200229 a 4500 | ||
|---|---|---|---|
| 001 | 1131 | ||
| 003 | BR-CuiBMT | ||
| 005 | 20231129193350.0 | ||
| 008 | 231126s2007 mtb 000 0 por d | ||
| 040 |
_aBR-CuiBMT _cBR-CuiBMT |
||
| 080 |
_22007 _a342.4 _x(817.2)"1989" |
||
| 090 |
_a342.4(817.2)"1989" _bC758 _c3. ed. |
||
| 245 | 0 | 0 |
_aConstituição do Estado de Mato Grosso / _cOrganizador: Zaluir Pedro Assad. |
| 250 | _a3. ed., rev. e atual. | ||
| 260 |
_aCuiabá : _bCentro América, _c2007. |
||
| 300 |
_a236 p. ; _c22 cm |
||
| 500 | _aPromulgada em 05 de outubro de 1989. Publicada no Diário Oficial em 18 de outubro de 1989. Atualizada até a Emenda Constitucional nº 51, de 28/02/2007. | ||
| 504 | _aInclui bibliografia. | ||
| 650 |
_aConstituição _zMato Grosso |
||
| 700 |
_4org. _aAssad, Zaluir Pedro, _d1955- |
||
| 942 |
_2udc _cLV |
||
| 999 |
_c1131 _d1131 |
||